|
|
|
|
| LEADER |
00886nam a2200241 a 4500 |
| 001 |
1652832 |
| 008 |
100621s1998 njua 001 0 eng d |
| 010 |
|
|
|a 97018174
|
| 020 |
|
|
|a 0134001362
|
| 040 |
|
|
|a DLC
|c DLC
|d DLC
|
| 082 |
0 |
0 |
|a 004.165
|2 21
|
| 100 |
1 |
|
|a Brey, Barry B.
|
| 245 |
1 |
0 |
|a Embedded controllers :
|b 80186, 80188, and 80386EX /
|c Barry B. Brey.
|
| 260 |
|
|
|a Upper Saddle River, N.J. :
|b Prentice Hall,
|c c1998.
|
| 300 |
|
|
|a xi, 804 p. :
|b ill. ;
|c 26 cm.
|
| 504 |
|
|
|a Includes index.
|
| 541 |
1 |
|
|e 00010285
|
| 650 |
|
0 |
|a Embedded computer systems.
|
| 650 |
|
0 |
|a Electronic controllers.
|
| 650 |
|
0 |
|a Intel 80XXX series microprocessors.
|
| 852 |
4 |
|
|a Ayesha Abed Library
|j General shelf
|
| 999 |
|
|
|c 9033
|d 9033
|
| 952 |
|
|
|0 0
|1 0
|2 ddc
|4 0
|6 004_165000000000000_BRE_1998
|7 0
|9 11155
|a BRACUL
|b BRACUL
|c GEN
|d 2010-06-22
|l 3
|m 9
|o 004.165 BRE
|p 3010010285
|r 2020-01-12
|s 2019-12-18
|t 1
|w 2010-06-22
|y BK
|